Statistics for Cricket - Best Batting and Bowling in T20 Internationals

Click here to take the quiz!

General Stats

  • This quiz has been taken 10 times
  • The average score is 12 of 24

Answer Stats

countryplayer% Correct
Pakistan122Babar {Azam}
100%
Afghanistan5-3Rashid {Khan}
100%
India126*Shubman {Gill}
90%
Australia172Aaron {Finch}
80%
South Africa119Faf {du Plessis}
80%
New Zealand123Brendon {McCullum}
70%
New Zealand5-18Tim {Southee}
70%
England5-10Sam {Curran}
60%
Sri Lanka104*Tillakaratne {Dilshan}
60%
England116*Alex {Hales}
50%
Australia6-30Ashton {Agar}
50%
Bangladesh103*Tamim {Iqbal}
50%
Pakistan5-6Umar {Gul}
50%
Sri Lanka6-8Ajantha {Mendis}
40%
India6-7Deepak {Chahar}
40%
South Africa5-17Dwaine {Pretorius}
40%
West Indies125*Evin {Lewis}
40%
Zimbabwe4-8Sikandar {Raza}
40%
Ireland124Kevin {O'Brien}
30%
West Indies6-17Obed {McCoy}
30%
Afghanistan162*Hazratullah {Zazai}
20%
Bangladesh5-13Elias {Sunny}
10%
Ireland4-11Alex {Cusack}
0%
Zimbabwe94Solomon {Mire}
0%

Score Distribution

Percentile by Number Answered

Percent of People with Each Score

Your Score History

You have not taken this quiz